[Event "Barcelona Sant Marti op 10th"]
[Site "Barcelona"]
[Date "2023.01.26"]
[Round "3"]
[White "Cervello Tost, Roger"]
[Black "Harutyunyan Grigoryan, Yuri"]
[Result "1-0"]
[WhiteElo "2024"]
[BlackElo "1680"]
[PlyCount "39"]
[EventDate "2023.01.12"]
[EventType "swiss"]
[EventRounds "9"]
[EventCountry "ESP"]
[SourceTitle "CBM 213 Extra"]
[Source "ChessBase"]
[SourceDate "2023.05.31"]
[SourceVersion "1"]
[SourceVersionDate "2023.05.31"]
[SourceQuality "1"]

1. e4 e5 2. Nf3 Nc6 3. d4 exd4 4. Bc4 Bc5 5. c3 d3 6. Qxd3 d6 7. Bg5 Nge7 8. Nbd2 f6 9. Be3 Bxe3 10. Qxe3 Ng6 11. Nd4 Nce5 12. Bb3 Qe7 13. 0-0 c5 14. Nf5 Bxf5 15. exf5 Nh4 16. Qh3 g5 17. f4 c4 18. Ba4+ Kf7 19. fxe5 dxe5 20. Qe3 1-0

[Event "Barcelona Sant Marti op-B 21st"]
[Site "Barcelona"]
[Date "2019.07.19"]
[Round "7"]
[White "Pinyol I Llora, Julia"]
[Black "Harutyunyan Grigoryan, Yuri"]
[Result "1-0"]
[WhiteElo "1505"]
[BlackElo "1180"]
[PlyCount "81"]
[EventDate "2019.07.13"]
[EventType "swiss"]
[EventRounds "9"]
[EventCountry "ESP"]
[SourceTitle "EXT 2020"]
[Source "ChessBase"]
[SourceDate "2019.10.17"]
[SourceVersion "1"]
[SourceVersionDate "2019.10.17"]
[SourceQuality "1"]

1. d4 d5 2. c4 Nf6 3. cxd5 Nxd5 4. Nf3 Nf6 5. Nc3 Bf5 6. Qb3 b6 7. Bg5 h6 8. Bxf6 exf6 9. e4 Bg6 10. Rc1 Be7 11. Bc4 0-0 12. 0-0 Nc6 13. Bd5 Na5 14. Qc4 c6 15. Bxc6 Nxc6 16. Qxc6 Rc8 17. Qd5 Re8 18. Qxd8 Rcxd8 19. a3 Bh5 20. Rfd1 g6 21. h3 Bxf3 22. gxf3 Bd6 23. Nd5 Kg7 24. Kg2 Bb8 25. Rc6 Re6 26. Rc3 Ree8 27. Re1 f5 28. Rce3 fxe4 29. fxe4 f5 30. f3 g5 31. Kf2 h5 32. Rg1 Kh6 33. Rc1 Rd6 34. Rd1 Rd7 35. Nf6 f4 36. Re2 Rde7 37. Nxe8 Rxe8 38. e5 Kg6 39. Rc1 Kf5 40. Rc6 Rd8 41. Rf6# 1-0